000
00307nam a2200133Ia 4500
100
_a
Black/Pery/O
942
_c
BK
654
_a
machine shop
245
_a
Audels Machinists Basic Machine Shop practice
260
_b
Taraporevala Sons & Co
_c
2001
082
_a
621.9
300
_a
504
546
_a
ENGLISH
999
_c
30025
_d
30025